| 000 | 00432nam a2200133 i 4500 | ||
|---|---|---|---|
| 001 | 20657 | ||
| 003 | ES-MaACL | ||
| 007 | t| | ||
| 008 | 021115s1888 sp ||||1| spa d | ||
| 100 | 1 |
_aAinsa, Blas. _918983 |
|
| 245 | 1 | 0 |
_aResumen de las observaciones meteorológicas efectuadas en las Escuelas Pras de Zaragoza durante el trienio de 1883 a 1885 / _cBlas Ainsa. |
| 260 |
_aMadrid : _b[s.n.], _c1888. |
||
| 852 |
_aES-MaACL _jT-558-F-9 |
||
| 999 |
_c20657 _d20657 |
||